LEADER 03096nam 2200697Ia 450 001 9910464222203321 005 20210626002623.0 010 $a1-283-42995-0 010 $a9786613429957 010 $a3-11-218933-7 010 $a3-11-023871-3 024 7 $a10.1515/9783110238716 035 $a(CKB)3360000000338475 035 $a(EBL)799403 035 $a(OCoLC)776492366 035 $a(SSID)ssj0000560056 035 $a(PQKBManifestationID)11358927 035 $a(PQKBTitleCode)TC0000560056 035 $a(PQKBWorkID)10569137 035 $a(PQKB)11765969 035 $a(MiAaPQ)EBC799403 035 $a(DE-B1597)123240 035 $a(OCoLC)767950125 035 $a(DE-B1597)9783110238716 035 $a(PPN)159073324 035 $a(Au-PeEL)EBL799403 035 $a(CaPaEBR)ebr10515785 035 $a(CaONFJC)MIL342995 035 $a(EXLCZ)993360000000338475 100 $a20110906d2011 uy 0 101 0 $aeng 135 $aurnn#---|u||u 181 $ctxt 182 $cc 183 $acr 200 00$aNull pronouns$b[electronic resource] /$fedited by Melani Wratil, Peter Gallmann 210 $aBerlin ;$aBoston $cDe Gruyter Mouton$d2011 215 $a1 online resource (276 p.) 225 1 $aStudies in generative grammar ;$v106 300 $aDescription based upon print version of record. 311 0 $a3-11-023870-5 320 $aIncludes bibliographical references and index. 327 $tFront matter --$tTable of contents --$tIntroduction /$rWratil, Melani / Gallmann, Peter --$tPro-drop in the history of German - From Old High German to the modern dialects /$rAxel, Katrin / Weiß, Helmut --$tHistorical pathways to null subjects: Implications for the theory of pro-drop /$rFuß, Eric --$tUncovered pro - On the development and identification of null subjects /$rWratil, Melani --$tSilent resumptives in Zurich German possessor relativization /$rSalzmann, Martin --$tAnti-agreement with subjects and possessors from a typological perspective: A case for null pronouns or for economy? /$rOrtmann, Albert --$tLanguage index --$tSubject index 330 $aMost natural languages display an inventory of pronominal elements that obligatorily or optionally remain phonologically null in a few, in many or even in all syntactic surroundings. The authors of the papers compiled in this book analyse such null pronouns in a synchronic and diachronic way and recover the specific morphological and syntactic prerequisites for their origin and insertion. 410 0$aStudies in generative grammar ;$v106. 606 $aGrammar, Comparative and general$xPronoun 606 $aGenerative grammar 608 $aElectronic books. 615 0$aGrammar, Comparative and general$xPronoun. 615 0$aGenerative grammar. 676 $a415/.55 686 $aET 670$2rvk 701 $aWratil$b Melani$01030151 701 $aGallmann$b Peter$0176825 801 0$bMiAaPQ 801 1$bMiAaPQ 801 2$bMiAaPQ 906 $aBOOK 912 $a9910464222203321 996 $aNull pronouns$92446943 997 $aUNINA LEADER 02929nam 2200661 a 450 001 9910480740503321 005 20170822115600.0 010 $a1-4522-2098-0 010 $a1-322-41357-6 010 $a1-4522-2561-3 035 $a(CKB)2670000000260889 035 $a(EBL)996482 035 $a(OCoLC)809772016 035 $a(SSID)ssj0000697361 035 $a(PQKBManifestationID)12258294 035 $a(PQKBTitleCode)TC0000697361 035 $a(PQKBWorkID)10691001 035 $a(PQKB)10005325 035 $a(SSID)ssj0000777379 035 $a(PQKBManifestationID)12337749 035 $a(PQKBTitleCode)TC0000777379 035 $a(PQKBWorkID)10757209 035 $a(PQKB)10625530 035 $a(MiAaPQ)EBC996482 035 $a(OCoLC)1007859193 035 $a(StDuBDS)EDZ0000085218 035 $a(EXLCZ)992670000000260889 100 $a20120521d2001 fy| 0 101 0 $aeng 135 $aur|n|---||||| 181 $ctxt 182 $cc 183 $acr 200 10$aHome visiting$b[electronic resource] $eprocedures for helping families /$fBarbara Hanna Wasik, Donna M. Bryant 205 $a2nd ed. 210 $aThousand Oaks, Calif. ;$aLondon $cSAGE$dc2001 215 $a1 online resource (342 p.) 300 $aDescription based upon print version of record. 311 $a0-7619-2053-6 311 $a0-7619-2054-4 320 $aIncludes bibliographical references (p. 277-300) and indexes. 327 $aCover; Contents; Foreword; Preface; Chapter 1 - A Historical Overview; Chapter 2 - Theories and Principles of Home Visiting; Chapter 3 - Illustrative Home Visiting Programs for Children, Youth, and Their Families; Chapter 4 - Home Visitor Characteristics, Training, and Supervision; Chapter 5 - Helping Skills and Techniques; Chapter 6 - Managing and Maintaining Home Visits; Chapter 7 - Visiting Families in Stressful Situations; Chapter 8 - Ethical and Professional Issues Facing Home Visitors; Chapter 9 - Assessment and Documentation in Home Visiting 327 $aChapter 10 - Future Directions in Home VisitingAppendix: Home Visit Report Forms Used in the Infant Health and Development Program; References; Name Index; Subject Index; About the Authors 330 8 $aThis text offers a comprehensive survey of the history, research and practice of home visiting. This new edition comes with information on assessment instruments, and on the personal safety of the home visitor. 606 $aHome-based family services$zUnited States 606 $aFamily services$zUnited States 608 $aElectronic books. 615 0$aHome-based family services 615 0$aFamily services 676 $a362.828 700 $aWasik$b Barbara Hanna$0857295 701 $aBryant$b Donna M.$f1951-$01049020 801 0$bStDuBDS 801 1$bStDuBDS 906 $aBOOK 912 $a9910480740503321 996 $aHome visiting$92477707 997 $aUNINA LEADER 01442nam0 22003131i 450 001 UON00478543 005 20231205105238.584 010 $a39-271-6534-4 100 $a20170622d1997 |0itac50 ba 101 $ager 102 $aDE 105 $a|||| 1|||| 200 1 $aReligionen feiern$eFeste und Feiertage religiöser Gemeinschaften in Deutschland$fhrsg. vom Religionswissenschaftlichen Medien- und Informationsdienst e. V. REMID. Koordination und Red.: Steffen Rink und Martin Baumann 210 $a Marburg$cDiagonal-Verl.$d1997 215 $a238 p$d21 cm. 316 $aDono del Goethe-Institut di Napoli. - Ex n.inv.: 99/65$5IT-UONSI F. Goethe39REL/0472 606 $aGERMANIA$xVita religiosa$xUsi e costumi$3UONC091783$2FI 620 $aDE$dMarburg$3UONL000869 676 $a291.36$cCALENDARI RELIGIOSI$v21 702 1$aBAUMANN$bMartin$3UONV144542 702 1$aRINK$bsteffen$3UONV235548 712 02$aReligionswissenschaftlicher Medien- und Informationsdienst$3UONV235549 712 $aDiagonal$3UONV259604$4650 801 $aIT$bSOL$c20240220$gRICA 899 $aSIBA - SISTEMA BIBLIOTECARIO DI ATENEO$2UONSI 912 $aUON00478543 950 $aSIBA - SISTEMA BIBLIOTECARIO DI ATENEO$dSI F. Goethe 39 REL 0472 $eSI 22759 7 0472 Dono del Goethe-Institut di Napoli. - Ex n.inv.: 99/65 996 $aReligionen feiern$91473063 997 $aUNIOR